| 000 | 00511nam a22001577a 4500 | ||
|---|---|---|---|
| 003 | OSt | ||
| 005 | 20151120103558.0 | ||
| 008 | 151120b xxu||||| |||| 00| 0 eng d | ||
| 040 | _cRUA | ||
| 082 | _aFIS ព្រំ 1995 B157 Or.1 | ||
| 100 |
_93952 _aព្រំ ផល្លី |
||
| 245 | _a shrimp culture in koh kong district (ការចិញ្ចឹមបង្គា នៅស្រុុកកោះកុង) | ||
| 260 |
_aPhnom Penh _bRUA _c1995 |
||
| 300 |
_a89p. _bill. _c29cm. |
||
| 942 |
_2ddc _cFIS |
||
| 999 |
_c3673 _d3673 |
||